000 00479cam a2200193 4500
001 D10025
008 090401t1979 xxu||||| |||| 00| 0 eng d
035 _a(Sirsi) u1010
041 _aeng
050 _a697.78
100 _aWozniak, S.J.
245 _aSolar heating systems for the U.K: design, installation and economic aspects
260 _aLondon
_bHMSO
_c1979
300 _avii. 100p. ill
350 _a6
490 _aBRE Report
942 _n0
948 _c04/03/1997
999 _c85610
_d85610